Africa and the war on drugs (Record no. 7051)
[ view plain ]
| 000 -LEADER | |
|---|---|
| fixed length control field | 01689cam a2200409 a 4500 |
| 001 - CONTROL NUMBER | |
| control field | 17594247 |
| 003 - CONTROL NUMBER IDENTIFIER | |
| control field | OSt |
| 005 - DATE AND TIME OF LATEST TRANSACTION | |
| control field | 20210830155457.0 |
| 008 - FIXED-LENGTH DATA ELEMENTS--GENERAL INFORMATION | |
| fixed length control field | 130117s2012 enka b 001 0 eng d |
| 010 ## - LIBRARY OF CONGRESS CONTROL NUMBER | |
| LC control number | 2012289515 |
| 016 7# - NATIONAL BIBLIOGRAPHIC AGENCY CONTROL NUMBER | |
| Record control number | 016107742 |
| Source | Uk |
| 020 ## - INTERNATIONAL STANDARD BOOK NUMBER | |
| International Standard Book Number | 9781848139671 (hb) |
| 020 ## - INTERNATIONAL STANDARD BOOK NUMBER | |
| International Standard Book Number | 1848139675 (hb) |
| 020 ## - INTERNATIONAL STANDARD BOOK NUMBER | |
| International Standard Book Number | 9781848139664 (pb) |
| 020 ## - INTERNATIONAL STANDARD BOOK NUMBER | |
| International Standard Book Number | 1848139667 (pb) |
| 035 ## - SYSTEM CONTROL NUMBER | |
| System control number | (OCoLC)ocn820141997 |
| 040 ## - CATALOGING SOURCE | |
| Original cataloging agency | SUC |
| Transcribing agency | DDC |
| Modifying agency | BTCTA |
| -- | UKMGB |
| -- | BDX |
| -- | YDXCP |
| -- | BWK |
| -- | YNK |
| -- | CDX |
| -- | BWX |
| -- | UAB |
| -- | OCLCO |
| -- | IXA |
| -- | VGM |
| -- | DLC |
| 042 ## - AUTHENTICATION CODE | |
| Authentication code | lccopycat |
| 043 ## - GEOGRAPHIC AREA CODE | |
| Geographic area code | f------ |
| 050 00 - LIBRARY OF CONGRESS CALL NUMBER | |
| Classification number | HV5840.A47 |
| Item number | C37 2012 |
| 082 ## - DEWEY DECIMAL CLASSIFICATION NUMBER | |
| Classification number | 363.4096CAR2013 |
| 100 1# - MAIN ENTRY--PERSONAL NAME | |
| Personal name | Carrier, Neil ; Klantschnig,Gernot |
| 9 (RLIN) | 14509 |
| 245 10 - TITLE STATEMENT | |
| Title | Africa and the war on drugs |
| Statement of responsibility, etc. | Edited by Carrier,Neil and Klantschnig,Gernot |
| 260 ## - PUBLICATION, DISTRIBUTION, ETC. (IMPRINT) | |
| Place of publication, distribution, etc. | London ; |
| -- | New York : |
| Name of publisher, distributor, etc. | Zed Books : |
| -- | in association with International African Institute, Royal African Society, [and] World Peace Foundation, |
| Date of publication, distribution, etc. | 2013 |
| 300 ## - PHYSICAL DESCRIPTION | |
| Extent | 176 p. : |
| Other physical details | ill. ; |
| Dimensions | 21 cm. |
| 490 1# - SERIES STATEMENT | |
| Series statement | African arguments |
| 504 ## - BIBLIOGRAPHY, ETC. NOTE | |
| Bibliography, etc | Includes bibliography and index. |
| 505 0# - FORMATTED CONTENTS NOTE | |
| Formatted contents note | Introduction -- Africa's drug habit -- Drugs and development: a new threat or opportunity? -- Drug barons, traffickers and mules: Africa as entrepĂ´t -- African states and drugs: complexity, neglect and repression -- Conclusion: alternatives to the drug war? |
| 650 #0 - SUBJECT ADDED ENTRY--TOPICAL TERM | |
| Topical term or geographic name as entry element | Biology |
| Geographic subdivision | Africa. |
| 9 (RLIN) | 14511 |
| 650 #0 - SUBJECT ADDED ENTRY--TOPICAL TERM | |
| Topical term or geographic name as entry element | Drug control |
| Geographic subdivision | Africa. |
| 9 (RLIN) | 14513 |
| 650 #0 - SUBJECT ADDED ENTRY--TOPICAL TERM | |
| Topical term or geographic name as entry element | Drug abuse |
| Geographic subdivision | Africa. |
| 9 (RLIN) | 14514 |
| 700 1# - ADDED ENTRY--PERSONAL NAME | |
| Personal name | Klantschnig, Gernot, |
| Dates associated with a name | 1977- |
| 9 (RLIN) | 14515 |
| 830 #0 - SERIES ADDED ENTRY--UNIFORM TITLE | |
| Uniform title | African arguments. |
| 9 (RLIN) | 14516 |
| 906 ## - LOCAL DATA ELEMENT F, LDF (RLIN) | |
| a | 7 |
| b | cbc |
| c | copycat |
| d | 2 |
| e | ncip |
| f | 20 |
| g | y-gencatlg |
| 942 ## - ADDED ENTRY ELEMENTS (KOHA) | |
| Source of classification or shelving scheme | Dewey Decimal Classification |
| Koha item type | Open Shelf |
| Withdrawn status | Lost status | Source of classification or shelving scheme | Damaged status | Not for loan | Home library | Current library | Date acquired | Source of acquisition | Inventory number | Total Checkouts | Full call number | Barcode | Date last seen | Price effective from | Koha item type |
|---|---|---|---|---|---|---|---|---|---|---|---|---|---|---|---|
| Dewey Decimal Classification | MUST Main Library | MUST Main Library | 30/08/2021 | donation | 14/37854 | 363.4096CAR2013 | 2021-0736 | 30/08/2021 | 30/08/2021 | Open Shelf | |||||
| Other/Generic Classification Scheme | MUST Main Library | MUST Main Library | 26/06/2024 | purchase | 14/37855 | 363.4096CAR2013 | 2024-21389 | 26/06/2024 | 26/06/2024 | Open Shelf |
